| 000 | 00787 a2200205 4500 | ||
|---|---|---|---|
| 001 | 54779 | ||
| 005 | 20260407155823.0 | ||
| 008 | 260407a1965 arg spa d | ||
| 003 | AR-UNSa-BCEJYS | ||
| 040 |
_aAR-UNSa-BCEJYS _bspa _cAR-UNSa-BCEJYS |
||
| 080 |
_a378.4 _xUniversidades |
||
| 245 | 1 | 0 | _aMisión de la Universidad |
| 250 | _a4a. ed. | ||
| 264 | 1 |
_aMadrid : _bRevista de Occidente _c1965 |
|
| 300 |
_a184 p. _c18 cm. |
||
| 505 | _a1. La cuestión fundamental – 2. Principio de la economía de la enseñanza – 3. Lo que la Universidad tiene que ser primero. La Universidad, profesión, la ciencia – 4. Cultura y ciencia – 5. Lo que la Universidad tiene que ser además. | ||
| 942 | _cBK | ||
| 590 | _aniveau_biblio:m niveau_hierar:0 | ||
| 100 | 1 | _aOrtega y Gasset, José | |
| 999 |
_c5801 _d5801 |
||